00145nam a2200061Ia 4500008004100000082000800041245003400049240331s9999 xx 000 0 und d bWom 0aWomen and Breast feeding :b-